000 00401nam a2200157 i 4500
001 bg
100 1 _aCZEKALSKA, Anna
245 0 _aMineralogia i petrografia dla geografów /
_cAnna Czekalska, Aleksander Kunkel.
260 _aWarszawa,
_c1975.
700 1 _aKUNKEL, Aleksander
040 _cBPK
041 _apol
080 _a549+552
942 _cKS
008 s pl f |000 0 pol
999 _c15941
_d15941
856 _uhttp://koha.tu.koszalin.pl/cgi-bin/koha/opac-detail.pl?biblionumber=15941
_yKatalog online BPK